Novedades fiscales del 2008

Detalles Bibliográficos
Formato: Desconocido
Lenguaje:español
Publicado: [Barcelona] : Planificacin̤ Jurd̕ica, 2008
Materias:
Acceso en línea:Acceso restringido

MARC

LEADER 00000ny a22000003n 4500
005 20110616102143.0
008 080702s2007 sp s 000 0 spa c
020 |a 9788493630201 
035 |a 4646 
040 |a BUS  |d vLex 
080 |a 336.22(460)"2008"(0.034) 
090 |c 743  |d 743 
245 0 0 |a Novedades fiscales del 2008  |h [Recurso electrn̤ico] 
246 3 |a Novedades fiscales 2008 
256 |a Servicio en ln̕ea 
260 |a [Barcelona] :  |b Planificacin̤ Jurd̕ica,  |c 2008 
300 |a x p.;  |c cm 
506 1 |a Contenido solo disponible en los productos indicados  |d vLex Global  |d vLex Global (Academic Edition, excluding Law Schools)  |d vLex Global (U.S. Academic Edition, Law Schools)  |d vLex Global (U.S. Academic Edition, excluding Law Schools)  |d vLex Global (Academic Edition, Law Schools) 
650 0 7 |a Derecho fiscal  |2 Tesauro vLex 
650 0 7 |a Derecho fiscal  |2 Tesauro vLex 
740 0 |a vLex Libros (Servicios en ln̕ea) 
856 4 0 |u http://vlex.com/source/4646  |z Acceso restringido 
942 |c BOOK 
999 0 |a Taxation  |b Barcelona